000 00841 a2200217 4500
008 240605b mp ||||| |||| 00| 0 mon d
020 _a978-99962-0-471-5
035 _a1619
040 _aHE0623081
_bmon
_cMN-UlNLM
_dMN-UlNLM
_erda
041 _amon
042 _a2729
084 _2NNA
_a82.3(5мон)
_bӨ.652
245 0 _aӨвгөн бар хоёр
264 _aУБ.
_bМонсудар хэвлэлийн газар
_c2013
300 _a28х.
336 _2rdacontent
_atext
_btxt
337 _2rdamedia
_aunmediated
_bn
338 _2rdacarrier
_avolume
_bnc
650 _aЭрт урьд цагт дэнж бүрхсэн модтой, дэлгэр сайхан нутагт он жилийг хамтдаа элээсэн өвгөн эмгэн хоёр амар амгалан амьдран суудаг...
942 _2NNA
_cBK
999 _c874242
_d874299